Vocabulary - D - Statistics

General Stats
  • This quiz has been taken 32 times
  • The average score is 8 of 15
Answer Stats
Hint Answer % Correct
meaning of a word Definition
90%
Scandinavian country Denmark
87%
doctor who specializes in skin Dermatologist
87%
what you do with cars Drive
87%
intoxicated Drunk
87%
what Jesus's 12 were Disciple
81%
JFK's assassination site Dallas
65%
vertigo Dizzy
58%
to think/imagine a lot Daydream
48%
God in Latin Deus
42%
stylish, neat, trim in appearance Dapper
29%
pleasure or satisfaction Delight
26%
an emote from Fortnite Dab
10%
swelling of a finger, giving it a sausage shape Dactylitis
3%
fear of doctors Dentophobia
0%
No matching quizzes found
Score Distribution
Percent of People with Each Score
Percentile by Number Answered
Your Score History
You have not taken this quiz